00484nam a2200145Ia 4500008004100000020001800041100001700059245010200076250001200178260003700190300002000227500003400247650002900281650002800310200626s9999 xx 000 0 und d a0-8264-6077-1 aJones, Peter cPeter Jones.--aIntroduction to hospitality operations:bAn indispensable guide to the industry / a2nd ed. aLondon :bThomson Learningc2002 axiii, 301 pages aIncludes Reference, and Index aFood service management. aHospitality industry.